| 000 | 00545nam a22001697a 4500 | ||
|---|---|---|---|
| 005 | 20251108165304.0 | ||
| 008 | 250721s1990 xx 000 0 ara d | ||
| 082 | 1 | 4 | _a956.502/محا |
| 100 | 1 | _aمحافظه، محمد أحمد | |
| 245 | 1 | 0 |
_aإمارة شرق الأردن : _bنشأتها و تطورها في ربع قرن 1921- 1946 / |
| 264 | 1 |
_aعمان : _bدار الفرقان، _c1990. |
|
| 300 | _a331ص. | ||
| 650 | 1 | 7 | _aتاريخ الأردن |
| 650 | 1 | 7 | _aإمارة شرق الأردن |
| 942 |
_2ddc _cBK |
||
| 999 |
_c24238 _d24238 |
||